| 000 | 00413nam a2200157Ia 4500 | ||
|---|---|---|---|
| 005 | 20250324113423.0 | ||
| 008 | 231217s9999 xx 000 0 und d | ||
| 020 | _a9788184042665 | ||
| 082 | _a001.6424JAV FLA;2 R | ||
| 100 | _aFlanagan, David. | ||
| 245 | 0 | _aJava in a nutshell: A desktop quick reference | |
| 250 | _a5th ed. | ||
| 260 |
_c2005 _bShroff _aMumbai |
||
| 300 | _axxiv, 1224+15 | ||
| 942 | _cAA | ||
| 999 |
_c184874 _d184874 |
||